| 000 | 00470cam a2200193ua 4500 | ||
|---|---|---|---|
| 020 |
_a81 7029 015 5 _c120.00 |
||
| 041 |
_aeng _h |
||
| 082 |
_a005.133 _bBOL/MA |
||
| 100 | _aBolon, Craig . | ||
| 245 |
_aMastering C / _cCraig Bolon. _hTextual Documents |
||
| 250 |
_a1 / _b. |
||
| 260 |
_aNew Delhi : _bB P B Publishers , _c1996. |
||
| 300 | _a435 ; . | ||
| 365 | _a120.00 | ||
| 504 | _a | ||
| 942 | _cBK | ||
| 999 |
_c9579 _d9579 |
||